00385nam a22001337a 450000500170000000800410001704100230005808200130008110000230009424500310011726000470014830000300019565000260022520240719082025.0240719b |||||||| |||| 00| 0 eng d aEnglish/Afrikaans  a349 SOU  lEnglish/Afrikaans  aSouth African Law Reports  aCape Town: bJuta and Company Ltd, c1981  bxx, 1248 pages; c26 cm.  aLegal practice bLaw